000 00950nam a2200277 a 4500
001 000022422
003 DO-SdBNP
005 20211025112723.0
007 ta
008 101011s2009 dr 000 0 spa d
040 _aDO-SdBNP
_bspa
_cBNPHU
082 4 _222
_a174.957
_bB615d
110 1 _aInstituto Nacional de Coordinación de Trasplantes
_946223
245 1 0 _aBioética :
_ben coordinación y transplantes /
_cprólogo Fernando Morales Billini.
260 _aSanto Domingo :
_bInstituto Nacional de Coordinación de Trasplante,
_c2009.
300 _a120 p. ;
_c23 cm.
500 _aIncluye referencias bibliográficas y notas al pie de las páginas
504 _aBibliografías : p. 28-29
590 _aInventariado, 2021 / DG
650 1 4 _aBioética
_9236
650 1 4 _aEtica médica
_936009
700 1 _aMorales Billini, Fernando,
_eprol.
_938684
710 2 _aINCORT
_946224
910 _aInventariado, 2021 / DG
942 _2ddc
_cLBS1
999 _c21920
_d21920